00349nam a2200133 a 45000010010000000030011000100080041000210350026000620820012000881000024001002450031001242600046001556500014002010000-8842ELIB.Books110520 1951  a(ELIB.Books)0000-8988 aB bDou aDouglas, Lois Smith aThrough Heaven's Back Door bTexas: The Baylor University Press c1951 aBiography